أبو فراس الحمداني : حياته و أجمل أشعاره / (رقم التسجيلة. 13802)

تفاصيل مارك
000 -LEADER
fixed length control field 00685nam a22002057a 4500
005 - DATE AND TIME OF LATEST TRANSACTION
control field 20251108164749.0
008 - FIXED-LENGTH DATA ELEMENTS--GENERAL INFORMATION
fixed length control field 250721s2007 xx 000 0 ara d
082 14 - DEWEY DECIMAL CLASSIFICATION NUMBER
Classification number ط/811.5/عيد
100 1# - MAIN ENTRY--PERSONAL NAME
Personal name أبو عيد، بنان
Relator term مؤلف
245 10 - TITLE STATEMENT
Title أبو فراس الحمداني : حياته و أجمل أشعاره /
264 1# - PRODUCTION, PUBLICATION, DISTRIBUTION, MANUFACTURE, AND COPYRIGHT NOTICE
Place of production, publication, distribution, manufacture عمان :
Name of producer, publisher, distributor, manufacturer دار حمورابي للنشر و التوزيع،
Date of production, publication, distribution, manufacture, or copyright notice 2007.
300 ## - PHYSICAL DESCRIPTION
Extent 80ص.
490 0# - SERIES STATEMENT
Series statement أجمل قصائد
Volume/sequential designation ج2.
650 17 - SUBJECT ADDED ENTRY--TOPICAL TERM
Topical term or geographic name as entry element الشعر العربي
650 17 - SUBJECT ADDED ENTRY--TOPICAL TERM
Topical term or geographic name as entry element الادب العربي
650 17 - SUBJECT ADDED ENTRY--TOPICAL TERM
Topical term or geographic name as entry element الشعراا العرب
653 ## - INDEX TERM--UNCONTROLLED
Uncontrolled term ناشاون صغار ( 10-14) سنه)
942 ## - ADDED ENTRY ELEMENTS (KOHA)
Source of classification or shelving scheme Dewey Decimal Classification
Koha item type كتب
المقتنيات
حالة السحب حالة الفقدان مصدر التصنيف حالة التلف غير قابل للإعارة المكتبة الرئيسية المكتبة الحالية موقع الرف تاريخ التزويد الرقم المتسلسل Total Checkouts رقم الإستدعاء الباركود تاريخ آخر ظهور تاريخ الفاتورة نوع المادة (كوها)
    Dewey Decimal Classification     مكتبةمؤتة مكتبةمؤتة الأطفال 28/07/2025 1271759   ط/811.5/عيد PLD00080869 28/07/2025 28/07/2025 كتب
Implemented & Customized by: BBB with SCIT (Smart Chains for Information Technology)

Powered by Koha